Absolute Analysis

Αποθηκεύτηκε σε:
Λεπτομέρειες βιβλιογραφικής εγγραφής
Κύριος συγγραφέας: Nevanlinna, Frithiof 1894-
Άλλοι συγγραφείς: Nevanlinna, Rolf Herman 1895-
Μορφή: Βιβλίο
Γλώσσα:English
Δημοσίευση: Berlin ; New York : Springer-Verlag, 1973
Σειρά:Grundlehren der mathematischen Wissenschaften in Einzeldarstellungen mit besonderer Berucksichtigung der Anwendungsgebiete ; ; 102
Θέματα:
Ετικέτες: Προσθήκη ετικέτας
Δεν υπάρχουν, Καταχωρήστε ετικέτα πρώτοι!

MARC

LEADER 00000nam a2200000 i 4500
001 1/45754
008 950608s1973 eng d
020 |a 3-540-05917-2 
035 |a 1995  |l 10042622 
040 |a GR-MY-UA  |b gre  |e aacr 
041 0 |a eng 
082 0 |a 515 
100 1 |a Nevanlinna, Frithiof  |d 1894- 
245 1 0 |a Absolute Analysis /  |c F. and R. Nevanlinna ; translated from the German by Phillip Emig 
260 |a Berlin ; New York :   |b Springer-Verlag,   |c 1973 
300 |a 270 p.;  |c 24 cm. 
490 1 |a Grundlehren der mathematischen Wissenschaften in Einzeldarstellungen mit besonderer Berucksichtigung der Anwendugsgebiete  |v ; 102 
500 |a Includes bibliographical references and index 
650 0 0 |a Mathematical analysis. 
700 1 |a Nevanlinna, Rolf Herman  |d 1895- 
830 0 |a Grundlehren der mathematischen Wissenschaften in Einzeldarstellungen mit besonderer Berucksichtigung der Anwendungsgebiete ;  |v ; 102 
852 |a INST  |b SAMOS  |e 19950608  |h 515 NEV  |p 005300005634  |q 005300005634  |t BK  |y 0 
909 |a Σ  |b 039064